Hindu social system first famous study / (Record no. 144413)

MARC details
000 -LEADER
fixed length control field 00647nam a22001937a 4500
005 - DATE AND TIME OF LATEST TRANSACTION
control field 20170912170021.0
008 - FIXED-LENGTH DATA ELEMENTS--GENERAL INFORMATION
fixed length control field 170912b xxu||||| |||| 00| 0 eng d
010 ## - LCCN (DPL NO)
LC control number ENG-120264
020 ## - INTERNATIONAL STANDARD BOOK NUMBER
International Standard Book Number 9788183821124
Terms of availability 295.00
035 ## - SYSTEM CONTROL NUMBER
System control number EN-103796
037 ## - SOURCE OF ACQUISITION
Source of stock number/acquisition DBAD/PUB
082 ## - DEWEY DECIMAL CLASSIFICATION NUMBER
Classification number 230.22
100 ## - MAIN ENTRY--PERSONAL NAME
Personal name Dubois,Abbe J.A.
245 ## - TITLE STATEMENT
Title Hindu social system first famous study /
Statement of responsibility, etc by Abbe J.A. Dubouis
260 ## - PUBLICATION, DISTRIBUTION, ETC. (IMPRINT)
Place of publication, distribution, etc New Delhi
Name of publisher, distributor, etc Lotus Press
Date of publication, distribution, etc 2014
270 ## - ADDRESS
Address Unit N0-220,Second floor, 4735/22, Prakash Deep Building,Ansari Road Darya ganj
City New Delhi
Postal code 110002
300 ## - PHYSICAL DESCRIPTION
Extent xx,304p.
Dimensions 22cm (pbk)
942 ## - ADDED ENTRY ELEMENTS (KOHA)
Source of classification or shelving scheme Dewey Decimal Classification
Item type English Books
Classification part 230.22
Call number suffix DUB
Holdings
Withdrawn status Lost status Source of classification or shelving scheme Damaged status Not for loan Collection code Home library Current library Date acquired Source of acquisition Cost, normal purchase price Total Checkouts Full call number Barcode Date last seen Copy number Cost, replacement price Koha item type
    Dewey Decimal Classification     Non-fiction Shahdara Branch Shahdara Branch 12/09/2017 DBAD/PUB 295.00 1 230.22 DUB EN-103796 21/09/2024 1 295.00 English Books

© Delhi Public Library
Hit Counter
free hit counter